01060nam a2200217 a 450000100100000000500170001000800410002704000250006808200180009310000300011124500800014126000510022130000210027259000750029365000760036865100670044465100820051191000370059395201950063099900170082500003486320200930073941.0111020s1965 xxu 000 0 eng d aDO-SdBNPbspacBNPHU a978.02bB112t1 aBabcock, C. Merton96039810aThe american frontier :bA social and literary record /cC. Merton Babcock. aNew York :bHolt, Rinehart and Winston,c1965. a452 p. ;c21 cm. aPerteneció a la biblioteca personal de Juan Isidro Jimenes-Grullón 4aVida de pioneros-zOeste (Región{Rpara} (Estados Unidos{Rpara}960399 4aOeste (Región{Rpara} (Estados Unidos{Rpara}xHistoria960400 4aOeste (Región{Rpara} (Estados Unidos{Rpara}zExpansión Territorial960401 aValidado. Control de calidad MFF 001052708RVaGRbGRcHDd2011-10-20iLF1l0o978.02 B112tp34863-10r2020-06-25w2020-06-25y2zPerteneció a la biblioteca personal de Juan Isidro Jimenes- GrullónZPréstamo interno c34354d34354